| 000 | 00363nam a22001457a 4500 | ||
|---|---|---|---|
| 003 | OSt | ||
| 005 | 20160727222405.0 | ||
| 008 | 160623b xxu||||| |||| 00| 0 eng d | ||
| 040 | _cTEST | ||
| 100 |
_9824 _aHazbry, N |
||
| 245 | _aHow to get Rid of Bad Dreams | ||
| 260 |
_aNEW YORK _bSCHOLASTIC INC _c1983 |
||
| 300 | _aHow to get Rid of Bad Dreams | ||
| 942 |
_2ddc _cBK |
||
| 999 |
_c657 _d657 |
||